Кн. 1; Флотационные реагенты в процессах обогащения минерального сырья

Detalles Bibliográficos
Parent link:Флотационные реагенты в процессах обогащения минерального сырья: справочник: в 2 кн./ Л. Я. Шубов, С. И. Иванков, Н. К. Щеглова; под ред. Л. В. Кондратьевой. Кн. 1.— , 1990.— 5-247-02668-3
Idioma:ruso
Publicado: 1990
Subjects:
Formato: MixedMaterials Libro
KOHA link:https://koha.lib.tpu.ru/cgi-bin/koha/opac-detail.pl?biblionumber=199743

MARC

LEADER 00000nam2a2200000 4500
001 199743
005 20231031184426.0
010 |a 5247026691 
020 |a RU  |b 90-57987 
035 |a (RuTPU)RU\TPU\book\217779 
090 |a 199743 
100 |a 20110824g1990 km y0rusy5003 ca 
101 0 |a rus 
102 |a RU 
105 |a y g 000zy 
200 0 |a Кн. 1 
210 |d 1990 
215 |a 400 с. 
461 1 |0 (RuTPU)RU\TPU\book\218040  |y 5-247-02668-3  |t Флотационные реагенты в процессах обогащения минерального сырья  |o справочник: в 2 кн.  |f Л. Я. Шубов, С. И. Иванков, Н. К. Щеглова  |g под ред. Л. В. Кондратьевой  |v Кн. 1  |d 1990 
610 1 |a минеральное сырье 
610 1 |a флотационные реагенты 
610 1 |a обогащение 
610 1 |a классификация 
610 1 |a характеристики 
610 1 |a применение 
675 |a 622.765.06(035)  |v 3 
801 0 |a RU  |b RuMRKP  |c 19950417  |g psbo 
801 1 |a RU  |b 63413507  |c 20110824 
801 2 |a RU  |b 63413507  |c 20130909  |g RCR 
942 |c BK